000 003540000a22001450004500
003 MACL
040 _aMACL
090 _c34017
_d34015
100 _aHubbard, L. Ron
245 _aTheory and Problems of Programming With C++
260 _bTata Mcgraw Hill Publishing
_c2002
350 _a165
650 _aComputer probraming
942 _cBOOK
_k005.133/Hub
999 _c33661
_d33661